Reclamative soil science / (Record no. 4970)

MARC details
000 -LEADER
fixed length control field 00526nam a22002057a 4500
001 - CONTROL NUMBER
control field BD-DhSAU 4970
003 - CONTROL NUMBER IDENTIFIER
control field BD-DhSAU
005 - DATE AND TIME OF LATEST TRANSACTION
control field 20150309115029.0
008 - FIXED-LENGTH DATA ELEMENTS--GENERAL INFORMATION
fixed length control field 150309b2004 ii a||||r|||| 000 0 eng d
020 ## - INTERNATIONAL STANDARD BOOK NUMBER
International Standard Book Number 8176220477
040 ## - CATALOGING SOURCE
Original cataloging agency BD-DhSAU
082 ## - DEWEY DECIMAL CLASSIFICATION NUMBER
Edition number 22
Classification number 631.4
Item number PLR
100 ## - MAIN ENTRY--PERSONAL NAME
Personal name Plyusnin, II
245 ## - TITLE STATEMENT
Title Reclamative soil science /
Statement of responsibility, etc. by I I Plyusnin.
250 ## - EDITION STATEMENT
Edition statement 2nd Indian Impression.
260 ## - PUBLICATION, DISTRIBUTION, ETC. (IMPRINT)
Place of publication, distribution, etc. Delhi :
Name of publisher, distributor, etc. Biotech Books,
Date of publication, distribution, etc. c2004.
300 ## - PHYSICAL DESCRIPTION
Extent 398 p. :
Other physical details ill. ;
Dimensions 22 cm.
590 ## - Name of Cataloguer
Name of Cataloger joy
650 ## - SUBJECT ADDED ENTRY--TOPICAL TERM
Topical term or geographic name as entry element Soils.
942 ## - ADDED ENTRY ELEMENTS (KOHA)
Source of classification or shelving scheme Dewey Decimal Classification
Koha item type Book
Holdings
Withdrawn status Lost status Source of classification or shelving scheme Damaged status Not for loan Collection code Home library Branch Name Shelving location Date acquired Total Checkouts Full call number Barcode Date last seen Price effective from Koha item type
    Dewey Decimal Classification   Not For Loan Reference SAU Library SAU Library Reference 08/07/2008   631.4 PLR 34246 09/03/2015 09/03/2015 Book
    Dewey Decimal Classification   Not For Loan Reference SAU Library SAU Library Reference 22/12/1978   631.4 PLR 2094(D) 09/03/2015 09/03/2015 Book